K OTÁZKE FORMOVANIA SOCIALISTICKÉHO ČLOVEKA

Bibliographic Details
Main Author: Sirácky, Andrej, 1900-1988 (Author)
Format: Article
Language:Slovak

MARC

LEADER 00000nab a22000007a 4500
001 vtls010673197
003 SK-MaSNL
005 20260304184505.0
008 250708s1953 xo |||||||||||||||||slo|
035 |a (urnnbn)urn:nbn:sk:snk:ar-a06ibg 
035 |a (uuid)b36b08ac-bea5-4af1-9356-71e88af9f868 
035 |a urn:nbn:sk:snk-ab193t 
040 |a SNKBUCL  |b slo  |c SNKBUCL  |e AACR2 
041 0 |a slo 
044 |a xo  |c SK 
100 1 |a Sirácky, Andrej,  |d 1900-1988  |4 aut  |9 109481 
245 1 0 |a K OTÁZKE FORMOVANIA SOCIALISTICKÉHO ČLOVEKA  |c Andrej Sirácky 
773 0 |t Filozofický časopis Slovenskej akadémie vied  |g Roč. 8, č. 1-2 (1953), s. 95-139 
850 |a Slovenská národná knižnica 
852 |a Slovenská národná knižnica 
954 |a odborná, vedecká literatúra pôvodná (slovenská)  |2 lita 
958 |a article 
958 |a OND 
958 |a EUIPO 
999 |c 3038448  |d 3040378